000
00299nam a22001337a 4500
008
171102b xxu||||| |||| 00| 0 eng d
020
_a
9780131902084
041
_a
eng
080
_2
7 ED
_a
339.138
100
_a
60
101
_a
MAR
245
_a
PRINCIPLES MARKETING
_c
PHILIP.K
942
_2
udc
_c
BK
999
_c
37378
_d
37378